A catedral do mar / (Record no. 230)

MARC details
000 -LÍDER
campo de controle de tamanho fixo 01093nam a2200301 4500
001 - NÚMERO DE CONTROLE
campo de controle 230
003 - IDENTIFICADOR DO NÚMERO DE CONTROLE
campo de controle OSt
005 - DATA E HORÁRIO DA ÚLTIMA TRANSAÇÃO
campo de controle 20250528074015.0
008 - CAMPO DE DADOS FIXOS--INFORMAÇÃO GERAL
campo de controle de tamanho fixo 250204b |||||||e |||| 00| 1 eng d
020 ## - ISBN - INTERNATIONAL STANDARD BOOK NUMBER
ISBN - International Standard Book Number 9788532522085
040 ## - FONTE DA CATALOGAÇÃO
Idioma da catalogação por
041 ## - CÓDIGO DE IDIOMA
Código do idioma do original e/ou traduções intermediárias do texto spa
Código do idioma do texto/trilha sonora ou título diferente por
082 ## - CDD - CLASSIFICAÇÃO DECIMAL DE DEWEY
Número de Classificação 863
Número do exemplar F183c
100 1# - ENTRADA PRINCIPAL--NOME PESSOAL
Nome pessoal Falcones de Sierra, Ildefonso,
Datas associadas ao nome 1959-
9 (RLIN) 429
240 ## - TÍTULO UNIFORME
Título uniforme La catedral del mar
245 ## - TÍTULO
Título A catedral do mar /
Indicação de responsabilidade, etc. Falcones, Idelfonso ; Tradução de Cristina Cavalcanti
260 ## - PUBLICAÇÃO, DISTRIBUIÇÃO, ETC.
Local de publicação, distribuição, etc. Rio de Janeiro
Nome do editor, distribuidor, etc. Rocco
Data da publicação, distribuição, etc. 2007
300 ## - DESCRIÇÃO FÍSICA
Extensão 589 p.
520 ## - NOTA DE RESUMO, ETC.
Resumo, etc. O catalão Ildefonso Falcones conta em A catedral do mar uma saga épica sobre a vida de reviravoltas de Arnau Estanyol e sua ascensão de filho de servo a barão, tendo como pano de fundo a construção da igreja de Santa Maria do Mar, um dos mais belos templos góticos medievais.<br/>
650 #0 - ASSUNTO--TERMO TÓPICO
Cabeçalho tópico ou nome geográfico Literatura espanhola
9 (RLIN) 144
650 #0 - ASSUNTO--TERMO TÓPICO
Cabeçalho tópico ou nome geográfico Medieval
9 (RLIN) 170
650 #0 - ASSUNTO--TERMO TÓPICO
Cabeçalho tópico ou nome geográfico Histórico
9 (RLIN) 53
650 #0 - ASSUNTO--TERMO TÓPICO
Cabeçalho tópico ou nome geográfico Aventura
9 (RLIN) 47
655 #0 - TERMO DE ÍNDICE--GÊNERO E FORMA
Gênero/forma/ou termo foco Romance
655 #0 - TERMO DE ÍNDICE--GÊNERO E FORMA
Gênero/forma/ou termo foco Ficção
700 ## - ENTRADA ADICIONADA - NOME PESSOAL
Nome pessoal A catedral Cavalcanti
Função do autor por extenso Tradutor
9 (RLIN) 430
942 ## - ELEMENTOS DE ENTRADA ADICIONADOS (KOHA)
Fonte de classificação ou esquema de arquivamento Classificação decimal de Dewey
Ocultar no OPAC Não
Tipo de material Koha Livros
Holdings
Situação do descarte Situação das perdas Fonte de classificação ou esquema de arquivamento Status danificado Não pode ser emprestado Coleção Biblioteca de origem Biblioteca atual Localização na estante Data de aquisição Fonte de aquisição Total de empréstimos Número de chamada completo Código de barras Data de último acesso Data do preço efetivo Tipo de material Koha
    Classificação decimal de Dewey     Ficção Biblioteca Professor Eduardo Afonso de Castro Biblioteca Professor Eduardo Afonso de Castro Literatura Estrangeira 15.12.2013 doação   863 / F183c 2025-14832 04.02.2025 04.02.2025 Livros

Powered by Koha